000 00557nam a22001817a 4500
005 20170623141300.0
010 _aENG-118910
020 _a97881928057
_c500.00
035 _aEN-102442
037 _bDBAD/PUB
082 _a363.7
100 _aSuryavanshi, Yogesh
245 _aFundamental of wild life management /
_cby Yogesh Suryavanshi
260 _aGuwahati
_bVivek Books
_c2015
270 _aRajnikantha Goswami Path House No-21, Lalganesh, Guwahati-781034 (Assam)
300 _a248p
_c23cm.(Hb)
942 _2ddc
_cEN
_h363.7
_mSUR
999 _c141946
_d141946